Countries with Consecutive Letter Pairs - Statistics

General Stats
  • This quiz has been taken 4,857 times
    4,092 since last reset
  • The average score is 23 of 47
Answer Stats
Answer % Correct
Afghanistan
92%
Zambia
92%
Tuvalu
88%
Denmark
86%
Turkmenistan
85%
Kyrgyzstan
84%
Norway
81%
Ghana
79%
Kazakhstan
78%
Pakistan
78%
Tajikistan
78%
Uzbekistan
77%
Fiji
71%
Turkey
69%
China
58%
North Korea
58%
United States
57%
Tunisia
51%
Vanuatu
51%
Chile
50%
North Macedonia
50%
Democratic Republic of the Congo
48%
Azerbaijan
45%
Mozambique
44%
United Arab Emirates
44%
Australia
43%
Saudi Arabia
42%
Tanzania
42%
Estonia
41%
Austria
40%
Sweden
37%
Gabon
34%
Zimbabwe
32%
Philippines
30%
Costa Rica
27%
Ethiopia
27%
East Timor
26%
Federated States of Micronesia
25%
Liechtenstein
25%
Bangladesh
22%
Lebanon
21%
Portugal
21%
Marshall Islands
20%
Cape Verde
19%
San Marino
17%
Ivory Coast
15%
Guinea-Bissau
13%
No matching quizzes found
Score Distribution
Percent of People with Each Score
Percentile by Number Answered
Your Score History
You have not taken this quiz since the last reset